Countries without letters L,O,V,E - Statistics

General Stats
  • This quiz has been taken 21 times
  • The average score is 22 of 51
Answer Stats
LOVE % Correct
China
73%
Fiji
73%
Japan
73%
India
67%
Russia
67%
Haiti
60%
Jamaica
60%
Kazakhstan
60%
Panama
60%
Spain
60%
Bhutan
53%
Canada
53%
Chad
53%
Iran
53%
Iraq
53%
Kiribati
53%
Qatar
53%
Uruguay
53%
Antigua & Barbuda
47%
Bahrain
47%
Cuba
47%
Kuwait
47%
Kyrgyzstan
47%
Paraguay
47%
Afghanistan
40%
Bahamas
40%
Cyprus
40%
Gambia
40%
Ghana
40%
Guyana
40%
Hungary
40%
Myanmar
40%
Sudan
40%
Taiwan
40%
Tajikistan
40%
Tunisia
40%
Austria
33%
Madagascar
33%
Nauru
33%
Nicaragua
33%
Pakistan
33%
Saudi Arabia
33%
Syria
33%
Mauritania
27%
Namibia
27%
Tanzania
27%
Mauritius
20%
Rwanda
20%
Uganda
20%
Burundi
13%
Zambia
7%
No matching quizzes found
Score Distribution
Percent of People with Each Score
Percentile by Number Answered
Your Score History
You have not taken this quiz